000 01077nam a2200289Ia 4500
003 OSt
005 20221005111414.0
006 a|||||r|||| 00| 0
007 ta
008 221004b |||||||| |||| 00| 0 hin d
020 _a9788181438744 (hbk)
_c150
024 _a11093
037 _b336, 20/03/2014, Vani Prakashan
_cTextual
040 _aCRL
_cCRL
_bhin
041 _2hin
_ahin
082 _aO168,3N12x, 152P8
100 _aमन्टो
245 0 _aसन् 1919 की एक बात
246 _aSan 1919 kī ek bāta
260 _aनई दिल्ली
_bवाणी प्रकाशन भारत
_c2008
300 _a89पृ0
_ccm.
490 _aमन्टो अब तक; 6
650 _aउर्दू साहित्य
700 _a ज़ौक़ी, मुशर्रफ़ आलम, संपा.
942 _hO168,3N12x, 152P8
_cTEXL
_2cc
999 _c1021749
_d1021749